000 00947nam a2200229Ia 4500
001 682
003 GE_BSU
008 181216s||||||||xx |||||||||||||| ||und||
020 _a9992890703
040 _cGE_BSU
080 _a811.353.1
245 _aXXI საქართველოს რესპუბლიკური. დიალექტოლოგიური სამეცნიერო სესია
245 _bეძღვნება აკად. ვ. თოფურიას დაბადების 100 წლისთავს, ქ. ბათუმი, 2001 წლის 26-27 ოქტომბერი
260 _aთბილისი
260 _bქართული ენა
260 _c2001
300 _a142 გვ.
541 _h5ლ.
653 _aთოფურია, ვარლამ 1901-1966
653 _aქართული დიალექტოლოგია;
942 _cBK
999 _c34864
_d34864